000 00586nam a2200229Ia 4500
003 OSt
005 20220918204409.0
006 a|||||r|||| 00| 0
007 ta
008 220917b |||||||| |||| 00| 0 eng d
024 _a112,508
037 _cTextual
040 _aARTS
_cARTS
_beng
041 _2eng
_aeng
082 _aV53:21wL69, H9
100 _aGeyl P
_9111911
245 0 _aNapolean for and against tr from the Dutch by Oliver Renier
260 _c1949
650 _aHISTORY
942 _hV53:21wL69, H9
_cTEXL
_2CC
999 _c235857
_d235857